000 00557nam a2200169 4500
001 144314
003 ES-MaACL
007 t|
008 070214s1975 sp r ||||1| spa d
110 2 _aIglesia Católica.
_bSynodus Episcoporum
_d(1974)
_94675
245 1 0 _aSínodo 1974.
260 _aMadrid :
_bAcción Católica,
_c1975 (
_fRamos)
300 _a248 p. ;
_c19 cm.
500 _aContiene: Doctrina de Pablo VI ; Visiones de conjunto y documentos sinodales ; Aportación de España.
852 _aES-MaACL
_jE-7135
_bR.91424
999 _c144314
_d144314